000 00443nam a2200157Ia 4500
008 151213s9999 xx 000 0 und d
100 _aJose Paul & N. Ajith Kumar
245 _aEntrepreneurship Development & Management (C - 2 )
_cJose Paul & N. Ajith Kumar
250 _a4th
260 _aDelhi
_bHimalya
_c2000
300 _a1494 p.
650 _aManagement
650 _aManagement
700 _aJose Paul & N. Ajith Kumar
999 _c1156
_d1156